00617nam a2200109Ia 4500008004100000245005200041300023000093650001600323856007700339999001900416952007200435170517s9999 xx 000 0 und d aBurzynski: Cancer Is Serious Business - Part II aThis story is a follow-up to the first documentary about Burzynski, a doctor and biochemist, who in late '60s discovered a new group of peptides in our bodies. After escaping from communist Poland to live in Houston in the... xTechnology. uhttp://topdocumentaryfilms.com/burzynski-cancer-serious-business-part-2/ c335019d335019 001040aCLbCLd2017-05-17l0r2017-05-17 00:00:00w2017-05-17yDF